|
|
|
|
| LEADER |
00994nam a2200265 4500 |
| 001 |
c000319603 |
| 003 |
CARM |
| 005 |
00000000000000.0 |
| 008 |
710427s1971 txu b 00100 eng |
| 019 |
1 |
|
|a 470984
|5 LACONCORD2021
|
| 020 |
|
|
|a 0292700911
|
| 035 |
|
|
|a (OCoLC)134385
|5 LACONCORD2021
|
| 043 |
|
|
|a e-uk-en
|
| 050 |
0 |
0 |
|a PN2596.L6
|b H8
|
| 082 |
0 |
0 |
|a 792
|
| 100 |
1 |
|
|a Hughes, Leo,
|d 1908-
|
| 245 |
1 |
4 |
|a The drama's patrons;
|b a study of the eighteenth-century London audience.
|
| 260 |
|
|
|a Austin,
|b University of Texas Press
|c [1971]
|
| 300 |
|
|
|a viii, 209 p.
|c 24 cm.
|
| 504 |
|
|
|a Bibliography: p. [189]-199.
|
| 650 |
|
0 |
|a Theater
|z England
|z London
|x History
|y 18th century.
|
| 650 |
|
0 |
|a Theater audiences
|z England
|z London
|x History
|y 18th century.
|
| 852 |
8 |
|
|b CARM
|h A1:AL32F0
|i B10196
|p 0465763
|f BK
|
| 999 |
f |
f |
|i ea60d55c-3e24-5de2-90ac-f0422fa202f3
|s acdd3e86-abfc-576d-bedc-0973763f2a66
|
| 952 |
f |
f |
|p Can circulate
|a CAVAL
|b CAVAL
|c CAVAL
|d CARM 1 Store
|e B10196
|f A1:AL32F0
|h Other scheme
|i book
|m 0465763
|